Strategijski menadžment

Guardado en:
Detalles Bibliográficos
Autor principal: Jovanović Božinov, Mića
Otros Autores: Langović, Ana
Formato: Libro
Lenguaje:serbio
Publicado: Beograd Megatrend univerzitet 2001
Materias:
Etiquetas: Agregar Etiqueta
Sin Etiquetas, Sea el primero en etiquetar este registro!

MARC

LEADER 00000nam a2200000 4500
001 0126452
005 20250711114423.7
020 |a 978-86-7747-046-8 
041 0 |a srp 
044 |a RS 
245 1 0 |a Strategijski menadžment  |c Mića Jovanović - Božinov, Ana Langović 
264 1 |a Beograd  |b Megatrend univerzitet  |c 2001 
300 |a 133 s. 
610 2 0 |a riadenie strategické 
610 2 0 |a riadenie 
610 2 0 |a manažment strategický 
100 1 |a Jovanović Božinov, Mića 
700 1 |a Langović, Ana